42 častých námitek zákazníků a nejlepší odpovědi na ně Techniky oslabování a vyvracení námitek s cvičeními

Salvato in:
Dettagli Bibliografici
Natura: Libro
Lingua:ceco
Pubblicazione: Bratislava Uniapress 1992
Edizione:1. vyd.
Soggetti:
Tags: Aggiungi Tag
Nessun Tag, puoi essere il primo ad aggiungerne!!

MARC

LEADER 00000nam a2200000 4500
001 c003410
005 20221214091150.6
020 |a 80-85313-37-5 
041 0 |a cze 
044 |a SK 
245 1 0 |a 42 častých námitek zákazníků a nejlepší odpovědi na ně  |b Techniky oslabování a vyvracení námitek s cvičeními 
250 |a 1. vyd. 
264 1 |a Bratislava  |b Uniapress  |c 1992 
300 |a Nestr. 
610 2 0 |a predaj 
610 2 0 |a zákazníci 
610 2 0 |a psychológia predaja 
610 2 0 |a vzťahy dodávateľsko-odberateľské 
610 2 0 |a odbyt 
610 2 0 |a správanie 
610 2 0 |a firmy